000 02098cam a22004337a 4500
001 14921972
003 OSt
005 20140310182733.0
008 070710s2005 maua 001 0 eng d
010 _a 2007297587
020 _a0619216255
020 _a9780619216252
035 _a(OCoLC)ocm57583037
035 _a(OCoLC)57583037
040 _aVZU
_cVZU
_dOCLCQ
_dTTU
_dBAKER
_dNNF
_dCSG
_dUMC
_dYDXCP
_dLVB
_dDLC
042 _alccopycat
050 0 0 _aTK 5105.59
_b.W54 2005
100 1 _aWhitman, Michael E.,
_d1964-
245 1 0 _aPrinciples of information security /
_cMichael E. Whitman, Herbert J. Mattord.
250 _a2nd ed.
260 _aBoston, Mass. :
_bThomson Course Technology,
_c2005.
300 _a576 p. :
_bill. ;
_c24 cm.
500 _aIncludes index.
505 0 0 _tIntroduction to information security --
_gThe
_tneed for security --
_tLegal, ethical, and professional issues in information security --
_tRisk management --
_tPlanning for security --
_tSecurity technology: firewalls and VPNs --
_tSecurity technology: intrusion detection, access control, and other security tools --
_tCryptography --
_tPhysical security --
_tImplementing information security --
_tSecurity and personnel --
_tInformation security maintenance.
521 _aIT
562 _efor circulation. 1 copy available in the collection
650 0 _aComputer networks
_xSecurity measures.
650 0 _aComputer security.
650 6 _aSystèmes informatiques
_xSécurité
_xMesures.
650 6 _aTechnologie de l'information
_xSécurité
_xMesures.
700 1 _aMattord, Herbert J.
856 4 2 _3Contributor biographical information
_uhttp://www.loc.gov/catdir/enhancements/fy1103/2007297587-b.html
856 4 2 _3Publisher description
_uhttp://www.loc.gov/catdir/enhancements/fy1103/2007297587-d.html
856 4 1 _3Table of contents only
_uhttp://www.loc.gov/catdir/enhancements/fy1103/2007297587-t.html
906 _a7
_bcbc
_ccopycat
_d2
_encip
_f20
_gy-gencatlg
942 _2lcc
_cBK
_kFOR
999 _c15479
_d15479